书目信息 |
| 题名: |
地表形态的塑造
|
|
| 作者: | Kramer 著 ;周刚 译 | |
| 分册: | ||
| 出版信息: | 北京 北京大学出版社 2005 |
|
| 页数: | 88 | |
| 开本: | 25cm | |
| 丛书名: | 国家地理阅读与写作训练丛书 | |
| 单 册: | ||
| 中图分类: | G623.23 | |
| 科图分类: | ||
| 主题词: | 语文--阅读教学--中小学--教学参考资料 , 语文 , 阅读教学 , 作文--中小学--教学参考资料 , 作文 | |
| 电子资源: | ||
| ISBN: | 7-301-08550-8 | |
| 000 | 01109oam2 2200349 450 | |
| 001 | 010050028108 | |
| 005 | 20061112084630.85 | |
| 010 | @a7-301-08550-8@dCNY20.00 | |
| 100 | @a20050808d2005 em y0chiy0110 ea | |
| 101 | 1 | @achi@ceng |
| 102 | @aCN@b110000 | |
| 105 | @aa z 001yy | |
| 200 | 1 | @a地表形态的塑造@9di biao xing tai de su zao@f(美)Nash Kramer著@g周刚译 |
| 210 | @a北京@c北京大学出版社@d2005 | |
| 215 | @a88@c图@d25cm | |
| 225 | 2 | @a国家地理阅读与写作训练丛书 |
| 300 | @a适合中小学生使用 | |
| 305 | @a由美国北极星传媒有限公司授权 | |
| 320 | @a有索引 | |
| 330 | @a本书以简明的文字和真实的图片阐明了风力、水力、冰力以及地震和火山喷发这些不同的自然力对地表形态产生的影响。 | |
| 461 | 0 | @12001 @a国家地理阅读与写作训练丛书 |
| 510 | 1 | @aShaping Earth's Surface@zeng |
| 606 | 0 | @a语文@x阅读教学@x中小学@j教学参考资料 |
| 606 | 0 | @a语文 |
| 606 | 0 | @a阅读教学 |
| 606 | 0 | @a作文@x中小学@j教学参考资料 |
| 606 | 0 | @a作文 |
| 690 | @aG623.23@v4 | |
| 701 | 1 | @aKramer@bNash@4著 |
| 702 | 0 | @a周刚@9zhou gang@4译 |
| 801 | 0 | @aCN@bRENTIAN@c20061112 |
| 905 | @a10447@dG623.23@e243 | |
| 地表形态的塑造/(美)Nash Kramer著/周刚译.-北京:北京大学出版社,2005 |
| 88:图;25cm.-(国家地理阅读与写作训练丛书) |
| 适合中小学生使用 |
| ISBN 7-301-08550-8:CNY20.00 |
| 本书以简明的文字和真实的图片阐明了风力、水力、冰力以及地震和火山喷发这些不同的自然力对地表形态产生的影响。 |
| ● |
| 相关链接 |
|
|
|
|
正题名:地表形态的塑造
索取号:G623.23/243
 
预约/预借
| 序号 | 登录号 | 条形码 | 馆藏地/架位号 | 状态 | 备注 |
| 1 | 0384055 | 203840558 | 第一样本阅览室/ [索取号:G623.23/243] | 在馆 | |
| 2 | 0384056 | 203840567 | 第四借阅区/ [索取号:G623.23/243] | 在馆 | |
| 3 | 0384057 | 203840576 | 第四借阅区/ [索取号:G623.23/243] | 在馆 | |
| 4 | 0384058 | 203840585 | 第四借阅区/ [索取号:G623.23/243] | 在馆 | |
| 5 | 0384059 | 203840594 | 第四借阅区/ [索取号:G623.23/243] | 在馆 |